| 000 | 00391nam a22001697a 4500 | ||
|---|---|---|---|
| 003 | SGT | ||
| 020 | _a8123913079 | ||
| 082 |
_a615.7 _bB22K |
||
| 100 | _aKULKARNI, JAYANTS. | ||
| 245 | _aBIOPHARMACEUTICS AND PHARMACOKINETICS | ||
| 250 | _a1st | ||
| 260 |
_aNEW DELHI _bCBS. PUB. _c2022 |
||
| 300 | _a301 | ||
| 650 | _aPHARMACOKINETICS | ||
| 653 | _aBIOPHARMACEUTICS | ||
| 942 |
_2ddc _cBK _03 |
||
| 999 |
_c22941 _d22941 |
||